000 00313nam a22001337a 4500
008 230607b xxu||||| |||| 00| 0 eng d
020 _a9966498486
082 _a808.83
_bMUN
100 _cOngoro Wa'Munga
245 _aSunrise at Midnight
260 _bLonghorn Kenya Ltd
_c1996
300 _a357p
942 _2ddc
_cBK
999 _c756
_d756